000
00308nam a22001217a 4500
008
180514b xxu||||| |||| 00| 0 eng d
041
_a
eng
080
_a
043.3
100
_a
0
101
_a
SHKI-MTH
245
_a
Krahasimi i multi path TCP dhe TCP (pengesat dhe përparësitë)
_c
Istogu,I
942
_2
udc
_c
BK
999
_c
45741
_d
45741